Ricostruisci la Carriera del Calciatore - Domenico Criscito - Statistics

Statistiche generali
  • Questo quiz è stato fatto 19 volte
  • Il punteggio medio è 5 su 9
Statistiche sulle risposte
Hint Risposta % Corretto
2004-2006 Juventus
82%
2003 Genoa
73%
2018-2022 Genoa
73%
2022 Toronto FC
73%
2006-2007 Genoa
55%
2007-2008 Juventus
55%
2011-2018 Zenit San Pietroburgo
55%
2008-2011 Genoa
45%
2023 Genoa
36%
Nessun quiz corrispondente trovato
Distribuzione punteggi
Percentuale di utenti per punteggio
Percentile per numero di risposta
I tuoi punteggi nel tempo
Non hai fatto questo quiz